Le tunnel

Αποθηκεύτηκε σε:
Λεπτομέρειες βιβλιογραφικής εγγραφής
Κύριος συγγραφέας: Browne, Anthony, 1946-
Μορφή: Βιβλίο
Γλώσσα:French
English
Δημοσίευση: [Paris?] : Kaleidoscope, [2006].
Θέματα:
Ετικέτες: Προσθήκη ετικέτας
Δεν υπάρχουν, Καταχωρήστε ετικέτα πρώτοι!

MARC

LEADER 00000cam a2200000 i 4500
001 1/84166
008 080508s2006 fr | ||| |||| ||fre||
020 |a 2877670112 
035 |l 10097120 
040 |a GR-MY-UA  |b gre  |e aacr 
041 1 |a fre  |h eng 
082 7 |a 823.914   |2 (22) 
100 1 |a Browne, Anthony,   |d 1946- 
245 1 3 |a Le tunnel /   |c Anthony Browne. 
260 |a [Paris?] :   |b Kaleidoscope,   |c [2006].  
300 |a [23] σ. ;   |c 24 εκ. 
500 |a Τίτλος πρωτοτύπου: The tunnel.  
650 0 0 |a Brothers and sisters  |x Fiction. 
650 0 0 |a Fear  |x Fiction. 
650 0 0 |a English fiction  |y 20th century. 
655 7 |a Fairy tales  |2 lcgft 
852 |a INST  |b RHODES  |e 20080508  |h 823.914 BRO  |p 005400029238  |q 005400029238  |t BK  |y 0 
901 |a BIBL4-2008-2 
909 |a Ρ  |b 152489 
922 |a 4ΕΛΗ  |b 200803  |c ΕΠΕΑΕΚ2/ΤΕΠΑΕΣ  |d ΠΑΠΑΣΩΤΗΡΙΟΥ 
970 |a ΚΟΖΑ  |b ΜΑΡΙΑ  |z 2008/05/08